000 00368nam a2200145Ia 4500
008 230917s9999||||xx |||||||||||||| ||und||
040 _e247044
_aMAIN
041 _aEnglish
082 _a346.022 K167G
100 _aKaushik, Shivangi
245 0 _aGovernment principles of e-contracts: Law and judicial trends
260 _c2016
300 _a154 p.
942 _cTH
999 _c127894
_d127894